|
|
|
|
| LEADER |
01686cas a2200241 a 4500 |
| 001 |
AALejournalIMF008989 |
| 008 |
230101c9999 xx r poo 0 0eng d |
| 020 |
|
|
|c 5.00 USD
|
| 020 |
|
|
|z 9781451833997
|
| 022 |
|
|
|a 1934-7685
|
| 040 |
|
|
|a BD-DhAAL
|c BD-DhAAL
|
| 110 |
2 |
|
|a International Monetary Fund.
|
| 245 |
1 |
0 |
|a Senegal :
|b Poverty Reduction Strategy Paper; Second Annual Progress Report.
|
| 264 |
|
1 |
|a Washington, D.C. :
|b International Monetary Fund,
|c 2006.
|
| 300 |
|
|
|a 1 online resource (103 pages)
|
| 490 |
1 |
|
|a IMF Staff Country Reports
|
| 500 |
|
|
|a <strong>Off-Campus Access:</strong> No User ID or Password Required
|
| 500 |
|
|
|a <strong>On-Campus Access:</strong> No User ID or Password Required
|
| 506 |
|
|
|a Electronic access restricted to authorized BRAC University faculty, staff and students
|
| 520 |
3 |
|
|a This paper presents the Annual Progress Report (APR) 2004 on Senegal's Poverty Reduction Strategy Paper (PRSP). The APR analyzes the 2004 macroeconomic framework for the purpose of comparing the forecasts under the various scenarios and the results obtained. Budgetary programming and execution are examined, to verify their compliance with the Priority Action Plan (PAP) of the PRSP for 2004. The APR reviews policies and reforms undertaken in all the sectors, and details the execution of the PRSP matrix of measures. It also studies changes in PRSP indicators and assesses the trajectory followed in meeting objectives.
|
| 538 |
|
|
|a Mode of access: Internet
|
| 830 |
|
0 |
|a IMF Staff Country Reports; Country Report ;
|v No. 2006/068
|
| 856 |
4 |
0 |
|z Full text available on IMF
|u http://elibrary.imf.org/view/journals/002/2006/068/002.2006.issue-068-en.xml
|z IMF e-Library
|